Vida y amores de los trovadores y sus damas

Uloženo v:
Podrobná bibliografie
Hlavní autor: Riquer, Martín de (Autor)
Médium: Kniha
Jazyk:španělština
Vydáno: Barcelona Acantilado Quaderns Crema S. A 2004
Vydání:1a. ed
Edice:Narrativa del Acantilado, 74
Témata:
Tagy: Přidat tag
Žádné tagy, Buďte první, kdo vytvoří štítek k tomuto záznamu!

MARC

LEADER 00000cam a2200000 a 4500
001 UCC7266
003 CL-VaPUC
008 190322e20040000sp |||||||||||||||||spa|d
020 |a 8496136809 
082 0 4 |a 849.009  |b RIQ  |2 21 
100 0 |a Riquer, Martín de  |e author  |9 601809 
245 1 0 |a Vida y amores de los trovadores y sus damas 
250 |a 1a. ed 
300 |a 234 p 
942 |c BK 
945 |d 20190322 14:57:00  |a dcastane 
260 |a Barcelona  |b Acantilado Quaderns Crema S. A  |c 2004 
650 7 |a POESIA PROVENZAL  |2 CL-VaPUC  |9 264997 
650 7 |a TROVADORES  |2 CL-VaPUC  |9 265489 
650 0 |a Poesía medieval  |9 306691 
583 |a last modification  |c 20190322 14:57:00  |k Rodrigo Vera 
490 0 |a Narrativa del Acantilado, 74 
999 |c 373951  |d 373949 
952 |0 0  |1 0  |3 erb  |4 0  |6 849_009000000000000_RIQ_2004  |7 0  |8 A  |9 492287  |a BIBART  |b BIBART  |i 5537010  |o 849.009 RIQ 2004  |p 5537010  |r 2025-03-13  |w 2019-11-24  |y BK  |z Catalogado en:20190322  |k ART